[Event "Oberliga Baden 1011"]
[Site "Baden"]
[Date "2011.02.27"]
[Round "7.2"]
[White "Arnold, Lothar"]
[Black "Dudek, Richard"]
[Result "1-0"]
[WhiteElo "2378"]
[BlackElo "2254"]
[PlyCount "85"]
[EventDate "2010.10.10"]
[EventType "team-tourn"]
[EventRounds "9"]
[EventCountry "GER"]
[SourceTitle "EXT 2012"]
[Source "ChessBase"]
[SourceDate "2011.11.24"]
[SourceVersion "1"]
[SourceVersionDate "2011.11.24"]
[SourceQuality "1"]
[WhiteTeam "Karlsruhe"]
[BlackTeam "Eppingen II"]
[WhiteTeamCountry "GER"]
[BlackTeamCountry "GER"]

1. e4 c6 2. d4 d5 3. Nd2 dxe4 4. Nxe4 Bf5 5. Ng3 Bg6 6. h4 h6 7. Nf3 Nd7 8. h5 Bh7 9. Bd3 Bxd3 10. Qxd3 e6 11. Bd2 Qc7 12. 0-0-0 0-0-0 13. Qe2 Ngf6 14. Ne5 Nb6 15. c4 Rxd4 16. Be3 Rxd1+ 17. Rxd1 Bb4 18. Nd3 Be7 19. Bf4 Qd8 20. Ne5 Qe8 21. Nxf7 Qxf7 22. Qe5 Nfd5 23. cxd5 Qxf4+ 24. Qxf4 Bg5 25. Qxg5 hxg5 26. dxe6 Nd5 27. Nf5 Rxh5 28. e7 Rh8 29. Rxd5 cxd5 30. Nxg7 Kd7 31. e8Q+ Rxe8 32. Nxe8 Kxe8 33. Kd2 Kd7 34. Ke3 Kd6 35. Kd4 Ke6 36. f3 Kf5 37. g3 Ke6 38. a4 Kd6 39. a5 Ke6 40. f4 gxf4 41. gxf4 b6 42. axb6 axb6 43. b3 1-0

[Event "Augsburg Gutmann Memorial 3rd"]
[Site "Augsburg"]
[Date "2011.01.02"]
[Round "7"]
[White "Arnold, Lothar"]
[Black "Rozentalis, Eduardas"]
[Result "0-1"]
[WhiteElo "2378"]
[BlackElo "2596"]
[PlyCount "82"]
[EventDate "2010.12.27"]
[EventType "tourn"]
[EventRounds "10"]
[EventCountry "GER"]
[EventCategory "10"]
[SourceTitle "EXT 2012"]
[Source "ChessBase"]
[SourceDate "2011.11.24"]
[SourceVersion "1"]
[SourceVersionDate "2011.11.24"]
[SourceQuality "1"]

1. e4 e5 2. Nf3 Nc6 3. Bb5 Nge7 4. 0-0 g6 5. c3 d6 6. d4 Bd7 7. dxe5 dxe5 8. Be3 Bg7 9. Nbd2 0-0 10. a4 h6 11. Qb3 Nc8 12. Bc5 Nd6 13. Qa3 a6 14. Be2 Be6 15. Bxd6 cxd6 16. Nc4 Bxc4 17. Bxc4 Qc7 18. Rad1 Rad8 19. Rd2 Kh7 20. Rfd1 f5 21. Bd5 Ne7 22. Qb3 Nxd5 23. Qxd5 fxe4 24. Qxe4 Rf4 25. Qc2 Qc6 26. b3 d5 27. Ne1 e4 28. Rc1 Rc8 29. Qd1 d4 30. g3 Rf7 31. c4 d3 32. Ng2 Bd4 33. Qe1 Rcf8 34. Ne3 Qc5 35. Kg2 Rf3 36. Nd1 Qg5 37. b4 h5 38. c5 h4 39. c6 hxg3 40. hxg3 Bxf2 41. Nxf2 Rxg3+ 0-1

[Event "Augsburg Gutmann Memorial 3rd"]
[Site "Augsburg"]
[Date "2010.12.30"]
[Round "4"]
[White "Arnold, Lothar"]
[Black "Arnaudov, Petar G"]
[Result "1-0"]
[WhiteElo "2378"]
[BlackElo "2468"]
[PlyCount "151"]
[EventDate "2010.12.27"]
[EventType "tourn"]
[EventRounds "10"]
[EventCountry "GER"]
[EventCategory "10"]
[SourceTitle "EXT 2012"]
[Source "ChessBase"]
[SourceDate "2011.11.24"]
[SourceVersion "1"]
[SourceVersionDate "2011.11.24"]
[SourceQuality "1"]

1. e4 e5 2. Nf3 Nc6 3. Bb5 a6 4. Bxc6 dxc6 5. 0-0 Qf6 6. d3 h6 7. Be3 Ne7 8. Nbd2 Ng6 9. d4 Bd6 10. c3 0-0 11. dxe5 Nxe5 12. Nxe5 Qxe5 13. f4 Qe7 14. Qf3 a5 15. Rae1 f5 16. Bd4 Re8 17. Re3 Qf7 18. Rfe1 Bd7 19. exf5 Rxe3 20. Qxe3 Re8 21. Be5 Bxf5 22. a3 Qd5 23. Nf3 Bg4 24. Kf2 a4 25. h3 Bd7 26. Kg3 c5 27. Qd2 Qxd2 28. Nxd2 Bc6 29. Nf3 Rd8 30. Re2 Kf7 31. Kf2 b5 32. Rd2 Rd7 33. Re2 Re7 34. g3 Re8 35. Rd2 Ke6 36. Bxg7 Rg8 37. Bxh6 Rb8 38. g4 b4 39. f5+ Kf7 40. g5 bxa3 41. bxa3 Rb3 42. g6+ Kf6 43. g7 Rb8 44. Ng5 Kxf5 45. Nf7 Be7 46. Be3 Bh4+ 47. Ke2 Bb5+ 48. Kd1 Ke4 49. Bxc5 Bd3 50. Bb4 c5 51. Nd6+ Ke5 52. Rxd3 cxb4 53. cxb4 Rg8 54. Nc4+ Ke4 55. Rd7 Bf6 56. Nb6 Bxg7 57. Nxa4 Bd4 58. Nc5+ Bxc5 59. bxc5 Rc8 60. Kc2 Rxc5+ 61. Kb3 Rh5 62. a4 Rxh3+ 63. Kb4 Rh1 64. a5 Ra1 65. Kb5 Rb1+ 66. Kc6 Rc1+ 67. Kb7 Rb1+ 68. Ka7 Ke5 69. Rb7 Ra1 70. Rb5+ Kd6 71. Kb7 Rc1 72. a6 Rc7+ 73. Kb8 Rh7 74. a7 Rh8+ 75. Kb7 Rh7+ 76. Ka6 1-0

[Event "Augsburg Gutmann Memorial 3rd"]
[Site "Augsburg"]
[Date "2010.12.28"]
[Round "2"]
[White "Rozentalis, Eduardas"]
[Black "Arnold, Lothar"]
[Result "1-0"]
[WhiteElo "2596"]
[BlackElo "2378"]
[PlyCount "85"]
[EventDate "2010.12.27"]
[EventType "tourn"]
[EventRounds "10"]
[EventCountry "GER"]
[EventCategory "10"]
[SourceTitle "EXT 2012"]
[Source "ChessBase"]
[SourceDate "2011.11.24"]
[SourceVersion "1"]
[SourceVersionDate "2011.11.24"]
[SourceQuality "1"]

1. e4 c5 2. Nf3 Nf6 3. Nc3 d5 4. exd5 Nxd5 5. Bb5+ Bd7 6. Qe2 Nb4 7. d3 Bxb5 8. Nxb5 a6 9. Nc3 e6 10. 0-0 Be7 11. Ne4 N8c6 12. a3 Nd5 13. c4 Nf6 14. Bf4 0-0 15. Rab1 Rc8 16. Rfd1 Nd4 17. Nxd4 Qxd4 18. Be3 Qd7 19. Ng5 e5 20. h3 Ne8 21. Nf3 f6 22. b4 cxb4 23. axb4 Nd6 24. Bc5 Rfe8 25. d4 e4 26. Nd2 f5 27. d5 Bd8 28. Bxd6 Qxd6 29. c5 Qxd5 30. Nc4 Qe6 31. Nd6 Bc7 32. Nxc8 Rxc8 33. Qd2 Rd8 34. Qc3 Rxd1+ 35. Rxd1 h6 36. Qd4 Kh7 37. Qd5 Qf6 38. Qxb7 Qe5 39. Qd5 Qf4 40. Re1 Qh2+ 41. Kf1 Kg6 42. Qe6+ Kg5 43. h4+ 1-0

[Event "Oberliga Baden 1011"]
[Site "Baden"]
[Date "2010.12.12"]
[Round "4.2"]
[White "Hierholz, Bernd"]
[Black "Arnold, Lothar"]
[Result "0-1"]
[WhiteElo "2173"]
[BlackElo "2378"]
[PlyCount "76"]
[EventDate "2010.10.10"]
[EventType "team-tourn"]
[EventRounds "9"]
[EventCountry "GER"]
[SourceTitle "EXT 2012"]
[Source "ChessBase"]
[SourceDate "2011.11.24"]
[SourceVersion "1"]
[SourceVersionDate "2011.11.24"]
[SourceQuality "1"]
[WhiteTeam "Ladenburg"]
[BlackTeam "Karlsruhe"]
[WhiteTeamCountry "GER"]
[BlackTeamCountry "GER"]

1. e4 c5 2. Nf3 Nf6 3. Nc3 d5 4. exd5 Nxd5 5. Bc4 Nxc3 6. bxc3 e6 7. 0-0 Be7 8. Re1 0-0 9. Ne5 Nd7 10. Qe2 Nxe5 11. Qxe5 b6 12. Qe2 Bb7 13. d3 Bf6 14. Bb2 b5 15. Bb3 Rc8 16. Rab1 Qc7 17. c4 Bxb2 18. Rxb2 b4 19. c3 bxc3 20. Rc2 Rfd8 21. Rxc3 Rd4 22. Bd1 Qc6 23. Qf1 Qd6 24. Re3 Rf4 25. Rb3 Ba8 26. Be2 h5 27. Qe1 h4 28. Qc3 f6 29. Qe1 e5 30. h3 Re8 31. Bf3 Bxf3 32. Rxf3 Rxf3 33. gxf3 f5 34. Qe3 Re6 35. Rb5 e4 36. Qxc5 Rg6+ 37. Kh1 Qf6 38. Qe5 Qg5 0-1

[Event "Oberliga Baden 1011"]
[Site "Baden"]
[Date "2010.11.14"]
[Round "3.3"]
[White "Tiemann, Christoph"]
[Black "Arnold, Lothar"]
[Result "1/2-1/2"]
[WhiteElo "2248"]
[BlackElo "2378"]
[PlyCount "82"]
[EventDate "2010.10.10"]
[EventType "team-tourn"]
[EventRounds "9"]
[EventCountry "GER"]
[SourceTitle "EXT 2012"]
[Source "ChessBase"]
[SourceDate "2011.11.24"]
[SourceVersion "1"]
[SourceVersionDate "2011.11.24"]
[SourceQuality "1"]
[WhiteTeam "Baden-Baden III"]
[BlackTeam "Karlsruhe"]
[WhiteTeamCountry "GER"]
[BlackTeamCountry "GER"]

1. d4 e6 2. c4 f5 3. g3 Nf6 4. Bg2 c6 5. Nf3 d5 6. 0-0 Bd6 7. Nc3 0-0 8. Qc2 b6 9. Rb1 Qe7 10. Bg5 Nbd7 11. cxd5 exd5 12. Qxf5 Ne5 13. Qc2 Ng6 14. Rbe1 Ba6 15. Qa4 Qb7 16. b4 Bc4 17. Bxf6 b5 18. Qc2 Rxf6 19. Rb1 Qe7 20. Nd2 Bxb4 21. Nxc4 Bxc3 22. Qxc3 bxc4 23. e4 dxe4 24. Qxc4+ Kh8 25. d5 cxd5 26. Qxd5 Rd8 27. Qxe4 Re6 28. Qb4 Red6 29. Rfe1 Qf6 30. Qa4 Rf8 31. Qxa7 Ra6 32. Qe3 Rxa2 33. Re2 Rxe2 34. Qxe2 Ne5 35. f4 Nc6 36. Bxc6 Qxc6 37. Qe7 Re8 38. Qb7 Qc5+ 39. Kh1 Qf2 40. Qg2 Re1+ 41. Rxe1 Qxe1+ 1/2-1/2